[Event "WCO2014"]
[Site "Tromso"]
[Date "2014.08.09"]
[Round "7.46"]
[WhiteID "6000185"]
[White "Tsang Hon Ki"]
[BlackID "11000805"]
[Black "Makem Pierre"]
[Result "1-0"]
[LiveChessVersion "1.4.3"]
[BlackElo "1928"]
[WhiteElo "2111"]

1. e4 {[%clk 1:30:57]} d6 {[%clk 1:30:49]} 2. d4 {[%clk 1:30:48]} Nf6
{[%clk 1:31:08]} 3. Nc3 {[%clk 1:31:09]} Nbd7 {[%clk 1:30:49]} 4. f4
{[%clk 1:28:29]} c5 {[%clk 1:28:31]} 5. d5 {[%clk 1:27:47]} e6 {[%clk 1:28:30]}
6. dxe6 {[%clk 1:24:28]} fxe6 {[%clk 1:28:46]} 7. Nf3 {[%clk 1:24:33]} a6
{[%clk 1:27:40]} 8. a4 {[%clk 1:23:05]} Be7 {[%clk 1:24:53]} 9. Be2
{[%clk 1:21:56]} O-O {[%clk 1:24:52]} 10. O-O {[%clk 1:22:04]} Nb8
{[%clk 1:20:21]} 11. e5 {[%clk 1:17:43]} Ne8 {[%clk 1:15:44]} 12. Ne4
{[%clk 1:08:24]} d5 {[%clk 1:15:45]} 13. Neg5 {[%clk 1:04:51]} h6
{[%clk 1:07:25]} 14. Bd3 {[%clk 0:58:00]} hxg5 {[%clk 1:00:43]} 15. Nxg5
{[%clk 0:56:21]} Bxg5 {[%clk 1:01:03]} 16. fxg5 {[%clk 0:46:52]} Rxf1+
{[%clk 1:00:08]} 17. Qxf1 {[%clk 0:46:45]} Nc6 {[%clk 0:55:38]} 18. g6
{[%clk 0:43:09]} Nxe5 {[%clk 0:53:35]} 19. Bf4 {[%clk 0:43:06]} Nxd3
{[%clk 0:53:49]} 20. Bg5 {[%clk 0:40:47]} Nf6 {[%clk 0:46:03]} 21. Qxd3
{[%clk 0:40:50]} e5 {[%clk 0:37:36]} 22. Rf1 {[%clk 0:29:23]} Qd6
{[%clk 0:32:04]} 23. Bxf6 {[%clk 0:23:02]} gxf6 {[%clk 0:31:51]} 24. Qf3
{[%clk 0:23:17]} f5 {[%clk 0:28:30]} 25. Qh5 {[%clk 0:22:19]} Qf6
{[%clk 0:28:42]} 26. Rf3 {[%clk 0:19:53]} Qg7 {[%clk 0:24:19]} 27. Qg5
{[%clk 0:18:50]} Be6 {[%clk 0:19:48]} 28. Rh3 {[%clk 0:16:32]} Rf8
{[%clk 0:20:05]} 29. Rh7 {[%clk 0:16:47]} Qf6 {[%clk 0:19:38]} 30. Qh5
{[%clk 0:16:25]} Qg7 {[%clk 0:16:18]} 31. Rxg7+ {[%clk 0:16:23]} Kxg7
{[%clk 0:16:42]} 32. Qh7+ {[%clk 0:16:27]} Kf6 {[%clk 0:17:09]} 33. h4
{[%clk 0:13:36]} Rg8 {[%clk 0:16:09]} 34. h5 {[%clk 0:13:56]} f4 {[%clk 0:15:38]}
35. Qxb7 {[%clk 0:12:16]} Rh8 {[%clk 0:15:31]} 36. Qxa6 {[%clk 0:07:57]} Rxh5
{[%clk 0:15:48]} 37. Qd6 {[%clk 0:07:25]} Rg5 {[%clk 0:15:20]} 38. Kf2
{[%clk 0:07:26]} e4 {[%clk 0:13:05]} 39. a5 {[%clk 0:06:54]} Kf5 {[%clk 0:10:15]}
40. a6 {[%clk 0:05:59]} Rxg6 {[%clk 0:10:27]} 41. Qf8+ {[%clk 0:05:34]} Kg4
{[%clk 0:09:27]} 42. a7 {[%clk 0:05:40]} e3+ {[%clk 0:08:48]} 43. Ke1
{[%clk 0:05:50]} Rg8 {[%clk 0:06:14]} 44. Qxg8+ {[%clk 0:05:30]} Bxg8
{[%clk 0:06:42]} 45. a8=Q {[%clk 0:05:41]} Be6 {[%clk 0:07:04]} 46. Qf8
{[%clk 0:05:22]} c4 {[%clk 0:06:54]} 47. Qf6 {[%clk 0:05:13]} Bf5
{[%clk 0:06:01]} 48. Qg7+ {[%clk 0:04:56]} Kh4 {[%clk 0:04:39]} 49. Qe5
{[%clk 0:04:50]} Kg4 {[%clk 0:04:16]} 50. Qxd5 {[%clk 0:04:33]} c3
{[%clk 0:04:10]} 51. Qg8+ {[%clk 0:04:26]} Kh4 {[%clk 0:04:20]} 52. bxc3
{[%clk 0:03:43]} Bxc2 {[%clk 0:04:32]} 53. Ke2 {[%clk 0:03:54]} Be4
{[%clk 0:03:18]} 54. c4 {[%clk 0:03:56]} Bf5 {[%clk 0:02:57]} 55. Kf3
{[%clk 0:03:59]} Be4+ {[%clk 0:27:50]} 56. Kxf4 {[%clk 0:34:56]} 1-0

[Event "WCO2014"]
[Site "Tromso"]
[Date "2014.08.09"]
[Round "7.44"]
[WhiteID "5600197"]
[White "Cilia Vincenti David"]
[BlackID "10002235"]
[Black "Mdoe Yusuf"]
[Result "1-0"]
[LiveChessVersion "1.4.3"]
[BlackElo "1707"]
[WhiteElo "2154"]

1. d4 {[%clk 1:30:56]} Nf6 {[%clk 1:30:34]} 2. c4 {[%clk 1:31:19]} d5
{[%clk 1:30:46]} 3. cxd5 {[%clk 1:31:38]} Nxd5 {[%clk 1:30:53]} 4. Nf3
{[%clk 1:31:57]} e6 {[%clk 1:30:39]} 5. e4 {[%clk 1:31:01]} Nb6 {[%clk 1:29:52]}
6. Nc3 {[%clk 1:31:10]} Be7 {[%clk 1:30:08]} 7. Be2 {[%clk 1:30:28]} O-O
{[%clk 1:30:27]} 8. O-O {[%clk 1:30:49]} N8d7 {[%clk 1:30:20]} 9. Bf4
{[%clk 1:30:29]} a6 {[%clk 1:30:14]} 10. a4 {[%clk 1:30:10]} Nf6 {[%clk 1:30:13]}
11. a5 {[%clk 1:28:43]} Nbd7 {[%clk 1:30:17]} 12. Qb3 {[%clk 1:28:08]} b5
{[%clk 1:27:17]} 13. axb6 {[%clk 1:27:16]} cxb6 {[%clk 1:26:36]} 14. Rfd1
{[%clk 1:26:57]} Bb7 {[%clk 1:26:18]} 15. Nd2 {[%clk 1:22:40]} b5
{[%clk 1:25:43]} 16. f3 {[%clk 1:22:32]} Qb6 {[%clk 1:24:28]} 17. Be3
{[%clk 1:22:29]} Qa7 {[%clk 1:20:19]} 18. Nxb5 {[%clk 1:21:36]} Qb8
{[%clk 1:20:21]} 19. Nc3 {[%clk 1:20:56]} Bd8 {[%clk 1:17:36]} 20. e5
{[%clk 1:18:18]} Ne8 {[%clk 1:17:11]} 21. Ra4 {[%clk 1:14:47]} Bb6
{[%clk 1:10:55]} 22. Nce4 {[%clk 1:12:57]} Bd5 {[%clk 1:04:25]} 23. Bc4
{[%clk 1:12:35]} Nc7 {[%clk 1:00:56]} 24. Bxd5 {[%clk 1:10:39]} Nxd5
{[%clk 1:00:20]} 25. Bf2 {[%clk 1:10:46]} Qa7 {[%clk 0:58:10]} 26. Nc4
{[%clk 1:10:25]} Rab8 {[%clk 0:54:50]} 27. Qa3 {[%clk 1:10:20]} Ra8
{[%clk 0:53:44]} 28. Nc5 {[%clk 1:04:28]} a5 {[%clk 0:51:20]} 29. Ra1
{[%clk 0:58:49]} Qc7 {[%clk 0:46:48]} 30. Nxd7 {[%clk 0:53:47]} Qxd7
{[%clk 0:46:09]} 31. Nxa5 {[%clk 0:53:18]} Qd8 {[%clk 0:42:03]} 32. Nc4
{[%clk 0:51:07]} Rxa4 {[%clk 0:41:43]} 33. Qxa4 {[%clk 0:51:26]} Qg5
{[%clk 0:40:57]} 34. Nxb6 {[%clk 0:50:44]} Nxb6 {[%clk 0:40:34]} 35. Qb3
{[%clk 0:43:18]} Nd5 {[%clk 0:40:41]} 36. Qc2 {[%clk 0:37:05]} Ne3
{[%clk 0:36:33]} 37. Bxe3 {[%clk 0:37:16]} Qxe3+ {[%clk 0:36:23]} 38. Qf2
{[%clk 0:37:37]} Qd3 {[%clk 0:35:16]} 39. h3 {[%clk 0:37:19]} h6 {[%clk 0:35:33]}
40. Ra3 {[%clk 0:31:20]} Qd1+ {[%clk 0:35:39]} 41. Kh2 {[%clk 0:31:37]} Rd8
{[%clk 0:35:26]} 42. b4 {[%clk 0:29:37]} Rxd4 {[%clk 0:35:28]} 43. b5
{[%clk 0:29:25]} Rd2 {[%clk 0:31:37]} 44. Qg3 {[%clk 0:24:33]} Rb2
{[%clk 0:28:16]} 45. Qf4 {[%clk 0:17:55]} Qf1 {[%clk 0:26:54]} 46. Ra8+
{[%clk 0:16:08]} Kh7 {[%clk 0:25:50]} 47. Qe4+ {[%clk 0:15:51]} g6
{[%clk 0:24:26]} 48. f4 {[%clk 0:15:48]} Qxb5 {[%clk 0:23:12]} 49. Ra7
{[%clk 0:15:41]} Kg7 {[%clk 0:22:29]} 50. Qf3 {[%clk 0:15:04]} Rb4
{[%clk 0:18:43]} 51. Ra1 {[%clk 0:13:13]} Qc4 {[%clk 0:17:29]} 52. Rf1
{[%clk 0:13:21]} Rb3 {[%clk 0:15:27]} 53. Qd1 {[%clk 0:13:08]} Rd3
{[%clk 0:13:55]} 54. Qa1 {[%clk 0:11:13]} Rd2 {[%clk 0:12:45]} 55. Qe1
{[%clk 0:09:26]} Re2 {[%clk 0:12:59]} 56. Qg3 {[%clk 0:03:25]} Rxe5
{[%clk 0:12:48]} 57. Qf3 {[%clk 0:03:06]} Rf5 {[%clk 0:11:33]} 58. g4
{[%clk 0:02:50]} Rd5 {[%clk 0:11:17]} 59. Rf2 {[%clk 0:02:03]} Rd3
{[%clk 0:10:52]} 60. Qg2 {[%clk 0:01:13]} Qd4 {[%clk 0:09:36]} 61. Qf1
{[%clk 0:30:41]} g5 {[%clk 0:38:29]} 62. fxg5 {[%clk 0:28:57]} Qe5+
{[%clk 0:38:14]} 63. Kg1 {[%clk 0:27:34]} Rg3+ {[%clk 0:38:27]} 64. Kh1
{[%clk 0:26:58]} Rxh3+ {[%clk 0:37:52]} 65. Qxh3 {[%clk 0:27:18]} hxg5
{[%clk 0:36:17]} 66. Qf3 {[%clk 0:27:11]} f6 {[%clk 0:35:16]} 67. Kg2
{[%clk 0:27:18]} Qd4 {[%clk 0:32:03]} 68. Re2 {[%clk 0:26:48]} Qc4
{[%clk 0:31:28]} 69. Qe4 {[%clk 0:26:43]} Qxe4+ {[%clk 0:30:31]} 70. Rxe4
{[%clk 0:27:10]} Kf7 {[%clk 0:30:33]} 71. Kf3 {[%clk 0:27:31]} f5
{[%clk 0:30:08]} 72. Ra4 {[%clk 0:27:37]} Kf6 {[%clk 0:29:38]} 73. Ra6
{[%clk 0:27:57]} Ke5 {[%clk 0:29:43]} 74. Ra8 {[%clk 0:28:08]} Kf6
{[%clk 0:29:19]} 75. Rg8 {[%clk 0:28:19]} Kf7 {[%clk 0:16:58]} 76. Rxg5
{[%clk 0:28:29]} Kf6 {[%clk 0:17:17]} 77. Rg8 {[%clk 0:28:39]} Ke5
{[%clk 0:16:20]} 78. gxf5 {[%clk 0:28:55]} Kxf5 {[%clk 0:16:27]} 79. Ra8 Ke5
{[%clk 0:16:10]} 80. Ra5+ {[%clk 0:28:25]} 1-0

[Event "WCO2014"]
[Site "Tromso"]
[Date "2014.08.09"]
[Round "7.43"]
[WhiteID "10002294"]
[White "Mwanyika Geoffrey"]
[BlackID "5600189"]
[Black "Pace Colin"]
[Result "0-1"]
[LiveChessVersion "1.4.3"]
[BlackElo "2139"]
[WhiteElo "1922"]

1. e4 {[%clk 1:30:53]} c5 {[%clk 1:30:56]} 2. Nc3 {[%clk 1:30:40]} e6
{[%clk 1:31:23]} 3. Nf3 {[%clk 1:30:14]} Nc6 {[%clk 1:31:34]} 4. d4
{[%clk 1:28:25]} cxd4 {[%clk 1:31:59]} 5. Nxd4 {[%clk 1:28:41]} Nf6
{[%clk 1:32:18]} 6. a3 {[%clk 1:28:28]} d5 {[%clk 1:28:53]} 7. exd5
{[%clk 1:22:38]} Nxd5 {[%clk 1:28:55]} 8. Nxc6 {[%clk 1:21:51]} bxc6
{[%clk 1:29:17]} 9. Nxd5 {[%clk 1:17:21]} exd5 {[%clk 1:29:35]} 10. Be2
{[%clk 1:16:22]} Bd6 {[%clk 1:29:24]} 11. O-O {[%clk 1:14:54]} O-O
{[%clk 1:29:27]} 12. Bf3 {[%clk 1:13:19]} Qf6 {[%clk 1:23:11]} 13. c3
{[%clk 1:11:35]} Bf5 {[%clk 1:20:32]} 14. Be3 {[%clk 1:10:44]} Rfb8
{[%clk 1:20:33]} 15. Qd2 {[%clk 1:10:25]} a5 {[%clk 1:09:33]} 16. Bd4
{[%clk 1:08:57]} Qg6 {[%clk 1:08:45]} 17. b4 {[%clk 1:07:20]} h5 {[%clk 1:02:45]}
18. Rfe1 {[%clk 0:59:25]} h4 {[%clk 0:56:26]} 19. Be5 {[%clk 0:57:53]} h3
{[%clk 0:46:59]} 20. Qf4 {[%clk 0:48:05]} Rd8 {[%clk 0:35:52]} 21. Bxd6
{[%clk 0:24:45]} Rxd6 {[%clk 0:36:08]} 22. g3 {[%clk 0:20:03]} Re6
{[%clk 0:31:29]} 23. Re5 {[%clk 0:18:15]} Rxe5 {[%clk 0:20:54]} 24. Qxe5
{[%clk 0:18:39]} axb4 {[%clk 0:21:16]} 25. cxb4 {[%clk 0:17:43]} Bg4
{[%clk 0:21:22]} 26. Be2 {[%clk 0:10:17]} f6 {[%clk 0:15:09]} 27. Qb2
{[%clk 0:08:06]} Qe4 {[%clk 0:14:27]} 28. Bf1 {[%clk 0:08:10]} d4
{[%clk 0:12:44]} 29. Qd2 {[%clk 0:08:23]} Rd8 {[%clk 0:09:53]} 30. Qd3
{[%clk 0:08:29]} Qe5 {[%clk 0:09:16]} 31. Qd2 {[%clk 0:04:57]} d3
{[%clk 0:05:31]} 32. Re1 {[%clk 0:05:25]} Qxe1 {[%clk 0:05:08]} 33. Qxe1
{[%clk 0:03:38]} d2 {[%clk 0:05:35]} 34. Qe4 {[%clk 0:01:16]} d1=Q
{[%clk 0:05:35]} 35. f4 {[%clk 0:00:57]} Qd4+ {[%clk 0:04:37]} 36. Qxd4
{[%clk 0:01:15]} Rxd4 {[%clk 0:05:06]} 37. b5 {[%clk 0:01:21]} cxb5
{[%clk 0:05:31]} 38. Bxb5 {[%clk 0:01:46]} Rd1+ {[%clk 0:05:50]} 39. Kf2
{[%clk 0:02:12]} Rd2+ {[%clk 0:06:05]} 40. Kg1 {[%clk 0:02:29]} Rg2+
{[%clk 0:06:23]} 41. Kf1 {[%clk 0:02:05]} Rxh2 {[%clk 0:06:44]} 42. Bc6
{[%clk 0:02:26]} Rc2 {[%clk 0:06:22]} 43. Bd5+ {[%clk 0:02:50]} Kf8
{[%clk 0:06:45]} 44. a4 {[%clk 0:02:27]} h2 {[%clk 0:06:52]} 45. a5
{[%clk 0:01:01]} Rc1+ {[%clk 0:06:47]} 46. Kf2 {[%clk 0:01:11]} h1=Q
{[%clk 0:07:04]} 47. Bxh1 {[%clk 0:01:26]} Rxh1 {[%clk 0:07:30]} 48. a6
{[%clk 0:01:49]} Ra1 0-1

[Event "WCO2014"]
[Site "Tromso"]
[Date "2014.08.09"]
[Round "7.42"]
[WhiteID "5600375"]
[White "Zerafa Patrick"]
[BlackID "10002251"]
[Black "Mlawa Hemed"]
[Result "1-0"]
[LiveChessVersion "1.4.3"]
[BlackElo "1799"]
[WhiteElo "2079"]

1. d4 {[%clk 1:30:56]} d5 {[%clk 1:30:51]} 2. c4 {[%clk 1:31:10]} e6
{[%clk 1:31:13]} 3. Nf3 {[%clk 1:31:14]} Be7 {[%clk 1:31:21]} 4. g3
{[%clk 1:31:39]} Nf6 {[%clk 1:31:16]} 5. Bg2 {[%clk 1:31:55]} O-O
{[%clk 1:31:25]} 6. O-O {[%clk 1:32:03]} c6 {[%clk 1:29:24]} 7. b3
{[%clk 1:32:03]} Nbd7 {[%clk 1:27:16]} 8. Bb2 {[%clk 1:31:30]} dxc4
{[%clk 1:18:40]} 9. bxc4 {[%clk 1:31:05]} c5 {[%clk 1:19:01]} 10. e3
{[%clk 1:24:52]} Qc7 {[%clk 1:11:46]} 11. Nbd2 {[%clk 1:18:27]} b6
{[%clk 1:08:30]} 12. Rc1 {[%clk 1:14:05]} Bb7 {[%clk 1:08:19]} 13. Qc2
{[%clk 1:12:55]} cxd4 {[%clk 1:00:52]} 14. exd4 {[%clk 1:05:55]} Rac8
{[%clk 0:59:19]} 15. Rfe1 {[%clk 0:56:07]} Rfe8 {[%clk 0:54:15]} 16. Qb3
{[%clk 0:45:34]} Qb8 {[%clk 0:45:27]} 17. Re2 {[%clk 0:44:14]} Bf8
{[%clk 0:39:29]} 18. Rce1 {[%clk 0:40:00]} Qa8 {[%clk 0:38:18]} 19. Bh3
{[%clk 0:35:14]} a5 {[%clk 0:34:42]} 20. a3 {[%clk 0:27:52]} Rcd8
{[%clk 0:33:28]} 21. Ne5 {[%clk 0:27:28]} Nxe5 {[%clk 0:26:33]} 22. Rxe5
{[%clk 0:27:22]} Nd7 {[%clk 0:25:53]} 23. R5e3 {[%clk 0:23:11]} Bd6
{[%clk 0:19:06]} 24. Ne4 {[%clk 0:19:33]} Be7 {[%clk 0:15:48]} 25. Nc3
{[%clk 0:18:48]} Bc6 {[%clk 0:15:08]} 26. d5 {[%clk 0:12:41]} Nc5
{[%clk 0:11:58]} 27. Qc2 {[%clk 0:12:42]} Bd7 {[%clk 0:12:02]} 28. Bg2
{[%clk 0:12:28]} Qc8 {[%clk 0:12:10]} 29. Ne4 {[%clk 0:08:07]} exd5
{[%clk 0:11:46]} 30. Qc3 {[%clk 0:07:01]} Bf8 {[%clk 0:08:37]} 31. Nf6+
{[%clk 0:07:30]} Kh8 {[%clk 0:07:44]} 32. Nxe8 {[%clk 0:07:23]} Bxe8
{[%clk 0:06:48]} 33. cxd5 {[%clk 0:07:27]} Qd7 {[%clk 0:06:25]} 34. Ba1
{[%clk 0:06:15]} f6 {[%clk 0:06:25]} 35. h4 {[%clk 0:05:13]} Rb8 {[%clk 0:06:06]}
36. Qd2 {[%clk 0:04:11]} Bf7 {[%clk 0:06:11]} 37. Kh2 {[%clk 0:02:51]} Qd6
{[%clk 0:06:20]} 38. Bf3 {[%clk 0:02:43]} a4 {[%clk 0:05:47]} 39. Bb2
{[%clk 0:02:31]} b5 {[%clk 0:06:08]} 40. Qe2 {[%clk 0:01:20]} h6 {[%clk 0:06:22]}
41. Rd1 {[%clk 0:00:37]} Nd7 {[%clk 0:04:42]} 42. Be4 {[%clk 0:22:45]} Nb6
{[%clk 0:35:11]} 43. Qxb5 {[%clk 0:18:57]} Qc7 {[%clk 0:24:45]} 44. d6
{[%clk 0:17:13]} Bxd6 {[%clk 0:23:38]} 45. Qf5 {[%clk 0:17:35]} Bg8
{[%clk 0:22:27]} 46. Red3 {[%clk 0:16:01]} Nc4 {[%clk 0:19:57]} 47. Bc1
{[%clk 0:15:23]} Rb3 {[%clk 0:19:35]} 48. Rxb3 {[%clk 0:13:10]} axb3
{[%clk 0:20:02]} 49. Qb5 {[%clk 0:13:30]} Nxa3 {[%clk 0:19:13]} 50. Qe8
{[%clk 0:12:38]} Qe7 {[%clk 0:16:42]} 51. Qa8 {[%clk 0:13:00]} Qf8
{[%clk 0:16:00]} 52. Rxd6 {[%clk 0:12:43]} Qxd6 {[%clk 0:15:58]} 53. Bxa3
{[%clk 0:12:19]} Qd2 {[%clk 0:15:22]} 54. Kg2 {[%clk 0:12:20]} Qd4
{[%clk 0:13:13]} 55. Bb2 {[%clk 0:12:19]} Qc5 {[%clk 0:12:00]} 56. Qc6
{[%clk 0:12:10]} Qa5 {[%clk 0:11:27]} 57. Bxf6 {[%clk 0:11:03]} Qa7
{[%clk 0:11:38]} 58. Bb2 {[%clk 0:11:16]} Qe7 {[%clk 0:11:46]} 59. Qxh6+
{[%clk 0:11:39]} 1-0

[Event "WCO2014"]
[Site "Tromso"]
[Date "2014.08.09"]
[Round "7.39"]
[WhiteID "31000142"]
[White "Soriano Rudolph P."]
[BlackID "10400036"]
[Black "Joseph Elton"]
[Result "0-1"]
[LiveChessVersion "1.4.3"]
[BlackElo "1779"]
[WhiteElo "1802"]

1. Nf3 {[%clk 1:30:56]} Nf6 {[%clk 1:30:52]} 2. c4 {[%clk 1:31:04]} c5
{[%clk 1:30:00]} 3. d4 {[%clk 1:31:21]} cxd4 {[%clk 1:28:35]} 4. Nxd4
{[%clk 1:31:36]} g6 {[%clk 1:25:20]} 5. Nc3 {[%clk 1:31:34]} Bg7 {[%clk 1:24:17]}
6. g3 {[%clk 1:31:49]} O-O {[%clk 1:24:09]} 7. Bg2 {[%clk 1:32:08]} Nc6
{[%clk 1:24:22]} 8. O-O {[%clk 1:32:08]} Qb6 {[%clk 1:24:16]} 9. Nb3
{[%clk 1:31:05]} a6 {[%clk 1:23:03]} 10. Be3 {[%clk 1:30:39]} Qd8
{[%clk 1:20:36]} 11. c5 {[%clk 1:27:30]} d6 {[%clk 1:15:03]} 12. cxd6
{[%clk 1:27:31]} exd6 {[%clk 1:13:05]} 13. Bf4 {[%clk 1:25:15]} Ne5
{[%clk 1:12:57]} 14. h3 {[%clk 1:23:25]} Rb8 {[%clk 1:11:55]} 15. Nd4
{[%clk 1:19:45]} h6 {[%clk 1:09:11]} 16. Qc1 {[%clk 1:14:32]} Kh7
{[%clk 1:08:09]} 17. Rd1 {[%clk 1:14:43]} Qe7 {[%clk 1:08:04]} 18. g4
{[%clk 1:09:15]} Be6 {[%clk 1:02:33]} 19. Bg3 {[%clk 1:06:28]} Rbc8
{[%clk 0:59:44]} 20. Qb1 {[%clk 1:06:11]} Rc7 {[%clk 0:57:46]} 21. Bh4
{[%clk 1:03:21]} Kh8 {[%clk 0:54:02]} 22. Ne4 {[%clk 1:01:08]} g5
{[%clk 0:47:12]} 23. Bg3 {[%clk 1:00:09]} Nxe4 {[%clk 0:45:10]} 24. Qxe4
{[%clk 0:57:44]} f5 {[%clk 0:30:18]} 25. gxf5 {[%clk 0:55:32]} Bf7
{[%clk 0:27:58]} 26. e3 {[%clk 0:46:41]} d5 {[%clk 0:24:27]} 27. Qb1
{[%clk 0:45:34]} Rc5 {[%clk 0:21:38]} 28. b4 {[%clk 0:43:50]} Rc4
{[%clk 0:21:22]} 29. a3 {[%clk 0:43:28]} Rfc8 {[%clk 0:18:59]} 30. Ra2
{[%clk 0:42:31]} Bh5 {[%clk 0:15:39]} 31. Re1 {[%clk 0:39:36]} Qd6
{[%clk 0:11:54]} 32. Rd2 {[%clk 0:35:20]} Bf6 {[%clk 0:08:38]} 33. Kh1
{[%clk 0:34:07]} Qd7 {[%clk 0:06:27]} 34. Kh2 {[%clk 0:27:13]} g4
{[%clk 0:05:07]} 35. hxg4 {[%clk 0:25:18]} Bxg4 {[%clk 0:04:29]} 36. f3
{[%clk 0:23:59]} Rxd4 {[%clk 0:03:48]} 37. exd4 {[%clk 0:23:05]} Nxf3+
{[%clk 0:03:32]} 38. Bxf3 {[%clk 0:22:50]} Bxf3 {[%clk 0:03:56]} 39. Re6
{[%clk 0:21:23]} Qf7 {[%clk 0:04:11]} 40. Rxf6 Qh5+ {[%clk 0:03:57]} 41. Kg1
{[%clk 0:02:58]} Qh1+ {[%clk 0:04:12]} 42. Kf2 {[%clk 0:03:16]} Qg2+
{[%clk 0:03:10]} 43. Ke3 {[%clk 0:03:22]} Rc3+ {[%clk 0:03:21]} 44. Qd3
{[%clk 0:01:46]} Rxd3+ {[%clk 0:02:37]} 45. Kxd3 {[%clk 0:02:06]} Be4+
{[%clk 0:02:09]} 46. Kc3 {[%clk 0:01:35]} Qxg3+ {[%clk 0:02:29]} 47. Kb2
{[%clk 0:01:51]} Qf4 {[%clk 0:01:45]} 48. Kc1 {[%clk 0:01:40]} Qf1+
{[%clk 0:01:44]} 49. Rd1 {[%clk 0:01:26]} Qc4+ {[%clk 0:02:04]} 50. Kd2
{[%clk 0:01:51]} Qxd4+ {[%clk 0:01:49]} 51. Kc1 {[%clk 0:02:02]} 0-1

[Event "WCO2014"]
[Site "Tromso"]
[Date "2014.08.09"]
[Round "7.38"]
[WhiteID "10400583"]
[White "Moncur Cecil"]
[BlackID "31000118"]
[Black "Orio Rogelio L."]
[Result "0-1"]
[LiveChessVersion "1.4.3"]
[BlackElo "1755"]
[WhiteElo "1689"]

1. d4 {[%clk 1:30:49]} d6 {[%clk 1:30:35]} 2. c4 {[%clk 1:31:02]} Nf6
{[%clk 1:30:57]} 3. Nc3 {[%clk 1:31:01]} Bf5 {[%clk 1:31:02]} 4. f3
{[%clk 1:26:19]} h6 {[%clk 1:30:19]} 5. e4 {[%clk 1:25:49]} Bh7 {[%clk 1:29:50]}
6. Be3 {[%clk 1:23:40]} c6 {[%clk 1:29:51]} 7. Qd2 {[%clk 1:21:47]} Nbd7
{[%clk 1:28:29]} 8. Bd3 {[%clk 1:20:35]} e5 {[%clk 1:27:08]} 9. d5
{[%clk 1:20:23]} Be7 {[%clk 1:27:13]} 10. Nge2 {[%clk 1:20:13]} a6
{[%clk 1:26:56]} 11. O-O {[%clk 1:17:51]} c5 {[%clk 1:26:23]} 12. a3
{[%clk 1:15:18]} Rb8 {[%clk 1:24:27]} 13. b4 {[%clk 1:14:54]} b6 {[%clk 1:24:07]}
14. Rfb1 {[%clk 1:11:45]} O-O 15. Na4 Nh5 {[%clk 1:16:57]} 16. g4
{[%clk 1:09:22]} Nf4 {[%clk 1:14:21]} 17. Nxf4 {[%clk 1:06:54]} exf4
{[%clk 1:14:24]} 18. Bxf4 {[%clk 1:06:59]} g5 {[%clk 1:12:40]} 19. Bg3
{[%clk 1:06:08]} Bf6 {[%clk 1:11:23]} 20. Ra2 {[%clk 1:04:01]} Bd4+
{[%clk 1:11:28]} 21. Kg2 {[%clk 1:00:37]} Qf6 {[%clk 1:09:57]} 22. Rc2
{[%clk 0:54:46]} Rfc8 {[%clk 1:09:44]} 23. b5 {[%clk 0:51:10]} axb5
{[%clk 1:08:41]} 24. Rxb5 {[%clk 0:50:46]} Rb7 {[%clk 1:07:40]} 25. Nc3
{[%clk 0:47:13]} Ra8 {[%clk 1:06:53]} 26. Rb3 {[%clk 0:46:14]} Bg6
{[%clk 1:05:38]} 27. Nb5 {[%clk 0:45:40]} Be5 {[%clk 1:05:16]} 28. Bxe5
{[%clk 0:42:50]} Nxe5 {[%clk 1:05:33]} 29. Be2 {[%clk 0:41:41]} Re7
{[%clk 1:04:19]} 30. Nc3 {[%clk 0:39:06]} Ra6 {[%clk 1:03:29]} 31. Rcb2
{[%clk 0:38:04]} Kg7 {[%clk 1:02:44]} 32. a4 {[%clk 0:34:33]} Rb7
{[%clk 1:01:50]} 33. Rb5 {[%clk 0:31:51]} Qe7 {[%clk 1:00:38]} 34. Qc1
{[%clk 0:29:40]} Bh7 {[%clk 0:55:42]} 35. Qb1 {[%clk 0:28:23]} Qd8
{[%clk 0:53:00]} 36. a5 {[%clk 0:27:29]} Nd7 {[%clk 0:52:54]} 37. Na4
{[%clk 0:25:31]} Qe8 {[%clk 0:49:37]} 38. Nxb6 {[%clk 0:22:26]} Ne5
{[%clk 0:49:12]} 39. Qa1 {[%clk 0:17:41]} Rba7 {[%clk 0:46:54]} 40. Ra2
{[%clk 0:16:29]} f6 {[%clk 0:46:48]} 41. Qc3 {[%clk 0:12:51]} h5 {[%clk 0:46:23]}
42. h3 {[%clk 0:12:50]} Ng6 {[%clk 0:44:46]} 43. Bd3 {[%clk 0:09:37]} Nf4+ 44.
Kg3 Re7 {[%clk 0:39:45]} 45. Na4 {[%clk 0:06:13]} Bg6 {[%clk 0:35:25]} 46. Rab2
{[%clk 0:02:35]} Qh8 {[%clk 0:35:07]} 47. Rb7 {[%clk 0:28:19]} Rxb7
{[%clk 1:05:18]} 48. Rxb7+ {[%clk 0:28:44]} Bf7 {[%clk 1:05:40]} 49. Bf1
{[%clk 0:27:28]} hxg4 {[%clk 1:05:48]} 50. fxg4 {[%clk 0:16:51]} Qh4+
{[%clk 1:03:38]} 51. Kf3 {[%clk 0:16:56]} Nxh3 {[%clk 1:01:57]} 52. Bxh3
{[%clk 0:16:20]} Qxh3+ {[%clk 1:02:15]} 53. Kf2 {[%clk 0:16:13]} Qxg4
{[%clk 1:01:41]} 54. Rb6 {[%clk 0:14:37]} Ra8 {[%clk 1:01:52]} 55. Qf3
{[%clk 0:11:46]} Qh4+ {[%clk 1:01:10]} 56. Ke2 {[%clk 0:11:15]} Bh5
{[%clk 1:01:16]} 0-1